1358 1353 1494 1859 1999 1630 1021 1333 1594 1015 1896 1402 1506 1010 1683 1191 1796 1291 1553 1762 1718 1355 1415 1000 1480 1447 1507 1474 1731 1022 1143 1454 1758 1230 1896 1862 1383 1352 1906 1808 1369 1763 1104 1890 1721 1249 1125 1804 1449 1194 1025 1958 1274 1207 1663 1567 1270 1908 1566 1211 1709 1150 1164 1719 1988 1958 1971 1421 1224 1424 1644 1918 1320 1289 1623 1173 1961 1167 1278 1738 1800 1279 1610 1013 1328 1721 1429 1886 1464 1637 1676 1420 1133 1761 1473 1678 1192 1042 1657 BCNSPRNW ULIB Ver.6.0+V

เปลี่ยนเป็นภาษาไทย

Change to English
 แสดงรายละเอียดบรรณานุกรม
  กลับหน้าหลัก

Brief Record : Get Marc (ISO 2709) : E-mail record : QR code < ปิดหน้าต่าง
LEADER : 00000nam 2200000uu 4500
001    13399108291
003     ULIB
008    110227s2552||||th 000 0 tha d
020    9789748377308(ล.2)
060 04 WY100^bค685ค ล.2
245 00 คู่มือการวางแผนการพยาบาลโดยใช้กระบวนการพยาบาล^nเล่มที่ 2/^cโดย คณะกรรมการพัฒนาการวางแผนการพยาบาลโดยใช้กระบวนการพยาบาล วิทยาลัยพยาบาลกองทัพบก
250    พิมพ์ครั้งที่ 2
260    กรุงเทพฯ :^bวิทยาลัยพยาบาล...,^c2552
300    [15], 229 หน้า ;^c30 ซม.
650  7 การพยาบาล
650  7 การวางแผนการพยาบาล
710 2  วิทยาลัยพยาบาลกองทัพบก.^bคณะกรรมการพัฒนาการวางแผนการพยาบาลโดยใช้กระบวนการพยาบาล
945    ^p300^l0^i16258
945    ^p300^l0^i17957
945    ^p300^l0^i17958
945    ^p300^l0^i16257
945    ^p300^l0^i17959
995    วิภา
999    ^aใช้งานได้ทุกระบบ
รายการนี้ยังไม่มีแท็ก
คุณยังไม่ได้ล็อกอิน คุณสามารถมีกิจกรรมร่วมกับเว็บไซต์ได้ แต่ต้องล็อกอินก่อน ::
  ล็อกอิน

รายการสื่อสารสนเทศ

ลำดับที่ ประเภท เลขเรียก/บาร์โค้ด สถานที่ สถานะ
- ไม่พบข้อมูล -

รายการใกล้เคียง
    หัวเรื่อง [การพยาบาล]
    หัวเรื่อง [การวางแผนการพยาบาล]

BibComment


ยังไม่เคยถูกคอมเมนท์

คอมเมนท์ทรัพยากรรายการนี้
  คอมเมนท์: คู่มือการวางแผนกา..


 Copyright 2026. Bcnsprnw @Library